Polarization in the Labour Market or Upgrading? A Review of Explanations of Structural Changes in the Employment and Their Consequences

Štrukturálne zmeny v zamestnanosti v rôznych krajinách. Faktory prispievajúce k štrukturálnym zmenám v zamestnanosti. Stimuly, ktoré pôsobia na zmeny v štruktúre zamestnanosti - nové technológie, globalizácia, príjmová nerovnosť, vzdelanostná štruktúra ponuky práce, demografické zmeny, imigrácia, at...

Descripción completa

Guardado en:
Detalles Bibliográficos
Autor principal: Franc, Aleš
Formato: Capítulo de libro
Lenguaje:inglés
Materias:
Etiquetas: Agregar Etiqueta
Sin Etiquetas, Sea el primero en etiquetar este registro!

MARC

LEADER 00000naa a2200000 4500
001 0303537
005 20240812083837.2
041 0 |a eng 
044 |a CZ 
245 1 0 |a Polarization in the Labour Market or Upgrading? A Review of Explanations of Structural Changes in the Employment and Their Consequences  |c Aleš Franc 
520 |a Štrukturálne zmeny v zamestnanosti v rôznych krajinách. Faktory prispievajúce k štrukturálnym zmenám v zamestnanosti. Stimuly, ktoré pôsobia na zmeny v štruktúre zamestnanosti - nové technológie, globalizácia, príjmová nerovnosť, vzdelanostná štruktúra ponuky práce, demografické zmeny, imigrácia, atď. 
610 2 0 |a trh práce 
610 2 0 |a zamestnanosť 
610 2 0 |a globalizácia 
610 2 0 |a zručnosti 
610 2 0 |a sily pracovné 
610 2 0 |a vzdelávanie 
610 2 0 |a zmeny štruktúrne 
100 1 |a Franc, Aleš